[Event "Sochi ChessAmateur op"]
[Site "Sochi"]
[Date "2018.04.04"]
[Round "6"]
[White "Tuychiev, Elbek"]
[Black "Bugaev, Anton"]
[Result "0-1"]
[WhiteElo "1649"]
[BlackElo "1516"]
[PlyCount "40"]
[EventDate "2018.04.01"]
[EventType "swiss"]
[EventRounds "9"]
[EventCountry "RUS"]
[SourceTitle "CBM 184 Extra"]
[Source "ChessBase"]
[SourceDate "2018.06.28"]
[SourceVersion "1"]
[SourceVersionDate "2018.06.28"]
[SourceQuality "1"]

1. e4 c5 2. Nf3 d6 3. d4 cxd4 4. Nxd4 Nf6 5. Nc3 g6 6. Be2 Bg7 7. Be3 0-0 8. 0-0 Nc6 9. Nxc6 bxc6 10. f4 Bb7 11. Bf3 Nd7 12. Rb1 Qc7 13. Qd2 Nb6 14. b3 Rfd8 15. Ne2 d5 16. e5 c5 17. Qc3 Rac8 18. Qd3 e6 19. Nc3 a6 20. Na4 Nxa4 0-1